Statistiken für Liedtext - Wittenberg ist nicht Paris von Kraftklub

Klicken Sie hier um das Quiz zu spielen!

Allgemein

  • Dieses Quiz wurde 107 mal gespielt
  • Das Durchschnittsergebnis liegt bei 166 aus 198

Antwortstatistiken

Antwort% Korrekt
ist
100%
nicht
100%
paar
97%
Paris
97%
und
97%
Und
97%
Wittenberg
97%
du
96%
Es
96%
es
96%
Da
94%
den
93%
dich
93%
wo
93%
Das
91%
in
91%
der
89%
Doch
89%
keine
89%
so
89%
aus
87%
Die
87%
gibt
86%
sich
86%
sie
86%
Sie
86%
dein
84%
ein
84%
Nazis
83%
raus
83%
wer
83%
leichter
81%
mit
81%
zu
81%
hat
80%
ich
80%
jetzt
80%
können
80%
was
80%
Aber
79%
all
79%
gut
79%
keiner
79%
Kiez
79%
lass
79%
mehr
79%
postest
79%
ruft
79%
zur
79%
deinem
77%
Hier
77%
Jahren
77%
jeder
77%
mir,
77%
nach
77%
Nach
77%
Grünen-Wahlergebnis
76%
wird
76%
alles
74%
begeistert
74%
kann
74%
leiden
74%
Miete
74%
Sag
74%
soll
74%
viel
74%
dir
73%
hast
73%
Leben
73%
Zeit
73%
schlecht
71%
versteck
71%
werden
71%
wohnt
71%
als
70%
anders
70%
bleiben
70%
Dass
70%
erwischen
70%
geerbt
70%
Junge,
70%
lang
70%
Polizisten
70%
Vier
70%
viertel
70%
bemerkst
69%
beschützen?
69%
Büschen
69%
Fünf
69%
Gegen
69%
lassen
69%
Ostdeutsche
69%
Unterschiede
69%
verstehen
67%
Bitte
66%
Brandsatz
66%
Dreck
66%
Designermöbelläden
64%
durch
64%
manche
64%
Türen
64%
spüren
63%
akzeptieren
61%
Cafés
61%
erleuchtet
61%
gewünscht
61%
altes
60%
dunkle
60%
Erst
60%
Tausch
60%

Verteilung der Resultate

Perzentil nach korrekt beantworteten Fragen

Anzahl Personen mit jedem Resultat

Ihre Resultats-Entwicklung

Sie haben dieses Quiz noch nicht gespielt